The Essence of Compilers (Record no. 1233)
[ view plain ]
| 000 -LEADER | |
|---|---|
| fixed length control field | 00345nam a2200145Ia 4500 |
| 008 - FIXED-LENGTH DATA ELEMENTS--GENERAL INFORMATION | |
| fixed length control field | 191201s2004 xx 000 0 und d |
| 082 ## - DEWEY DECIMAL CLASSIFICATION NUMBER | |
| Classification number | 005.4 |
| Item number | HUE |
| 100 ## - MAIN ENTRY--PERSONAL NAME | |
| Personal name | HUNTER, Robin |
| 245 #4 - TITLE STATEMENT | |
| Title | The Essence of Compilers |
| 250 ## - EDITION STATEMENT | |
| Edition statement | 1st |
| 260 ## - PUBLICATION, DISTRIBUTION, ETC. (IMPRINT) | |
| Place of publication, distribution, etc | N.Delhi |
| Name of publisher, distributor, etc | Pearson Education |
| Date of publication, distribution, etc | 2004 |
| 300 ## - PHYSICAL DESCRIPTION | |
| Extent | 237 |
| 650 ## - SUBJECT ADDED ENTRY--TOPICAL TERM | |
| Topical term or geographic name as entry element | B.Tech(CSE) |
| 942 ## - ADDED ENTRY ELEMENTS (KOHA) | |
| Source of classification or shelving scheme | Dewey Decimal Classification |
| Koha item type | Text Books |
| Withdrawn status | Lost status | Source of classification or shelving scheme | Damaged status | Not for loan | Collection code | Home library | Current library | Date acquired | Source of acquisition | Cost, normal purchase price | Bill Number | Total Checkouts | Full call number | Acc. no. / Barcode | Date last seen | Bill Date | Koha item type | Date last borrowed |
|---|---|---|---|---|---|---|---|---|---|---|---|---|---|---|---|---|---|---|
| Dewey Decimal Classification | B.Tech(CSE) | PIET C-LIBRARY | PIET C-LIBRARY | 12/07/2007 | UBS, DELHI | 200.00 | 125377 | 005.4 HUE | 1819 | 04/12/2019 | 18/08/2005 | Text Books | ||||||
| Dewey Decimal Classification | B.Tech(CSE) | PIET C-LIBRARY | PIET C-LIBRARY | 13/08/2006 | UBS, DELHI | 200.00 | 125377 | 005.4 HUE | 1820 | 04/12/2019 | 18/08/2005 | Text Books | ||||||
| Dewey Decimal Classification | B.Tech(CSE) | PIET C-LIBRARY | PIET C-LIBRARY | 13/08/2006 | UBS, DELHI | 200.00 | 125377 | 2 | 005.4 HUE | 1821 | 14/05/2026 | 18/08/2005 | Text Books | 05/05/2026 |